000 00836nam a2200229 i 4500
001 13258
003 ES-MaACL
005 20250808083419.0
007 t|
008 930916s1997 sp l |||| | spa j
020 _a84-88973-50-0
080 _a342.25(460)"19"(094.5)
245 0 0 _aNormativa autonómica
_b: normas generales tributarias y territoriales.
_pApéndice /
_c[compilado por] Francisco Corral Dueñas.
260 _a[Madrid] :
_bColegio de Registradores de la Propiedad y Mercantiles de España,
_c1997.
300 _a2 v. ;
_c24 cm.
505 8 _aAños 1995-96 (2 v.)
650 7 _aDerecho autonómico
_2embne
_9168399
700 1 _aCorral Dueñas, Francisco.
_940724
710 2 _aColegio de Registradores de la Propiedad y Mercantiles de España.
_92938
852 _aES-MaACL
_jL-20613-14
999 _c13258
_d13258